000 00629nam a2200229Ia 4500
003 OSt
005 20220923225720.0
006 a|||||r|||| 00| 0
007 ta
008 220922b |||||||| |||| 00| 0 snd d
024 _a274,028
037 _cTextual
040 _aARTS
_cARTS
_bsnd
041 _2snd
_asnd
082 _aO1593,3NBRx, K3
100 _aप्रभुदासु
245 0 _aराजपूती कहाणियूं
246 _aRājapūtī kahāṇiyūan
260 _c1963
942 _hO1593,3NBRx, K3
_cTEXL
_2CC
999 _c379955
_d379955